[Event "Tradewise Gibraltar Masters 16th"]
[Site "Gibraltar"]
[Date "2018.01.25"]
[Round "3.72"]
[White "Maisuradze, Nino"]
[Black "Zanan, Evgeny"]
[Result "1/2-1/2"]
[WhiteElo "2234"]
[BlackElo "2482"]
[PlyCount "128"]
[EventDate "2018.01.23"]
[EventType "swiss"]
[EventRounds "10"]
[EventCountry "GGB"]
[SourceTitle "BritBase"]
[Source "www.saund.co.uk"]
[SourceDate "2018.02.10"]
[SourceVersion "1"]
[SourceVersionDate "2018.02.10"]
[SourceQuality "1"]

1. d4 Nf6 2. c4 g6 3. Nc3 Bg7 4. e4 d6 5. Be2 O-O 6. Bg5 c5 7. d5 e6 8. Nf3 h6
9. Bh4 exd5 10. exd5 Re8 11. O-O a6 12. Bd3 g5 13. Bg3 Nh5 14. Qc2 Nxg3 15.
fxg3 Nd7 16. Kh1 Nf6 17. Rae1 Rxe1 18. Rxe1 Bd7 19. a4 Qb6 20. Rf1 Re8 21. b3
Qb4 22. Na2 Qa5 23. Bf5 Bxf5 24. Qxf5 b5 25. Qc2 bxa4 26. bxa4 Qb6 27. Nc3 Ng4
28. Nd1 Nf6 29. Nf2 Qb4 30. g4 Re3 31. Rb1 Rc3 32. Qf5 Rb3 33. Rc1 Rc3 34. Rb1
Rb3 35. Rc1 Qxa4 36. h4 gxh4 37. g5 hxg5 38. Qxg5 Qd7 39. Nxh4 Nh7 40. Qh5 Nf6
41. Qg5 Nh7 42. Qh5 Rg3 43. Rb1 Qe8 44. Nf5 Rg5 45. Qf3 Nf6 46. Nh3 Rh5 47. Rf1
Qe5 48. g4 Rh7 49. Kg2 Ne4 50. Rb1 Bf8 51. Rb8 a5 52. Qe3 a4 53. Nh6+ Rxh6 54.
Qxh6 Qg3+ 55. Kf1 Qf3+ 56. Ke1 Qc3+ 57. Kd1 Qd3+ 58. Ke1 Qc3+ 59. Kd1 Qd3+ 60.
Ke1 Qg3+ 61. Kf1 Qf3+ 62. Ke1 Qh1+ 63. Ke2 Qh2+ 64. Ke1 Qg3+ 1/2-1/2

[Event "Tradewise Gibraltar Masters 16th"]
[Site "Gibraltar"]
[Date "2018.01.25"]
[Round "3.73"]
[White "Paramzina, Anastasya"]
[Black "Studer, Noel"]
[Result "0-1"]
[WhiteElo "2225"]
[BlackElo "2476"]
[PlyCount "62"]
[EventDate "2018.01.23"]
[EventType "swiss"]
[EventRounds "10"]
[EventCountry "GGB"]
[SourceTitle "BritBase"]
[Source "www.saund.co.uk"]
[SourceDate "2018.02.10"]
[SourceVersion "1"]
[SourceVersionDate "2018.02.10"]
[SourceQuality "1"]

1. e4 e6 2. d4 d5 3. Nc3 Nf6 4. Bg5 dxe4 5. Nxe4 Be7 6. Bxf6 gxf6 7. Nf3 f5 8.
Nc3 a6 9. g3 b5 10. Bg2 Bb7 11. Qe2 Qd6 12. O-O-O b4 13. Na4 Nd7 14. Rhe1 Bd5
15. Kb1 O-O 16. Bh1 Bf6 17. g4 fxg4 18. Ne5 Bxh1 19. Nxd7 Qxd7 20. Qxg4+ Kh8
21. Nc5 Qd5 22. Rxh1 Rad8 23. Nxa6 Qa5 24. Qf4 Bg7 25. Rhg1 Rg8 26. Qxc7 Qxa6
27. Rd3 Ra8 28. a3 Qb5 29. Qxf7 bxa3 30. Rb3 Qd5 31. Rh3 axb2 0-1

[Event "Tradewise Gibraltar Masters 16th"]
[Site "Gibraltar"]
[Date "2018.01.25"]
[Round "3.74"]
[White "Cernousek, Lukas"]
[Black "Serarols Mabras, Bernat"]
[Result "1-0"]
[WhiteElo "2468"]
[BlackElo "2235"]
[PlyCount "83"]
[EventDate "2018.01.23"]
[EventType "swiss"]
[EventRounds "10"]
[EventCountry "GGB"]
[SourceTitle "BritBase"]
[Source "www.saund.co.uk"]
[SourceDate "2018.02.10"]
[SourceVersion "1"]
[SourceVersionDate "2018.02.10"]
[SourceQuality "1"]

1. d4 Nf6 2. c4 e6 3. Nc3 Bb4 4. Qc2 O-O 5. Nf3 c5 6. dxc5 Na6 7. g3 Nxc5 8.
Bg2 Nce4 9. O-O Nxc3 10. bxc3 Be7 11. e4 d6 12. e5 dxe5 13. Nxe5 Qc7 14. Qe2
Bd6 15. Re1 Nd7 16. Bf4 Nxe5 17. Bxe5 Bxe5 18. Qxe5 Qxc4 19. a4 a5 20. Red1 f6
21. Qd6 Qxc3 22. Rac1 Qb4 23. Qc7 e5 24. Rb1 Qg4 25. Rd8 Bf5 26. Rxa8 Rxa8 27.
h3 Qg6 28. Rxb7 Rc8 29. Qxa5 Be4 30. Rc7 Rxc7 31. Qxc7 Bxg2 32. Qc8+ Kf7 33.
Qc4+ Kf8 34. Kxg2 Qe8 35. Qb4+ Kg8 36. Qb3+ Kf8 37. Qb4+ Kg8 38. a5 Qc6+ 39.
Kh2 e4 40. Qb6 Qa4 41. a6 e3 42. Qxe3 1-0

[Event "Tradewise Gibraltar Masters 16th"]
[Site "Gibraltar"]
[Date "2018.01.25"]
[Round "3.75"]
[White "Larino Nieto, David"]
[Black "Kvisla, Johannes Luangtep"]
[Result "1-0"]
[WhiteElo "2464"]
[BlackElo "2234"]
[PlyCount "107"]
[EventDate "2018.01.23"]
[EventType "swiss"]
[EventRounds "10"]
[EventCountry "GGB"]
[SourceTitle "BritBase"]
[Source "www.saund.co.uk"]
[SourceDate "2018.02.10"]
[SourceVersion "1"]
[SourceVersionDate "2018.02.10"]
[SourceQuality "1"]

1. e4 e5 2. Nf3 Nc6 3. Bb5 a6 4. Bxc6 dxc6 5. O-O Bg4 6. h3 h5 7. d3 Qf6 8. Be3
Bxf3 9. Qxf3 Qxf3 10. gxf3 Bd6 11. Nd2 Ne7 12. Rfb1 Ng6 13. b4 f6 14. Kf1 Kf7
15. Ke2 Nf8 16. Nc4 Ne6 17. Na5 Rhb8 18. c3 Nd8 19. d4 exd4 20. cxd4 Ne6 21.
Nc4 Re8 22. a3 Bf4 23. Na5 Rab8 24. Rd1 Bd6 25. Nc4 Rbd8 26. Rd3 Nf4+ 27. Bxf4
Bxf4 28. Na5 Rb8 29. Rad1 Red8 30. Rc3 h4 31. Nb3 Bd6 32. Rg1 Re8 33. Rd1 Red8
34. Ke3 g5 35. Ke2 Re8 36. Na5 Bf4 37. Nc4 Red8 38. Ne3 Rd7 39. Nc4 Rdd8 40.
Nb2 Bh2 41. Rc4 Re8 42. Nd3 Bd6 43. Ke3 Rg8 44. e5 Rbe8 45. f4 gxf4+ 46. Kxf4
fxe5+ 47. dxe5 Bf8 48. Kf5 Bh6 49. Rxh4 Rg5+ 50. Ke4 Bg7 51. f4 Rg2 52. Nc5
Re2+ 53. Kf5 Rf8 54. Ne6 1-0

[Event "Tradewise Gibraltar Masters 16th"]
[Site "Gibraltar"]
[Date "2018.01.25"]
[Round "3.76"]
[White "Estrada Nieto, Julian"]
[Black "Paehtz, Elisabeth"]
[Result "0-1"]
[WhiteElo "2222"]
[BlackElo "2464"]
[PlyCount "123"]
[EventDate "2018.01.23"]
[EventType "swiss"]
[EventRounds "10"]
[EventCountry "GGB"]
[SourceTitle "BritBase"]
[Source "www.saund.co.uk"]
[SourceDate "2018.02.10"]
[SourceVersion "1"]
[SourceVersionDate "2018.02.10"]
[SourceQuality "1"]

1. e4 e5 2. Nf3 Nc6 3. Bb5 a6 4. Ba4 Nf6 5. O-O Be7 6. Re1 b5 7. Bb3 d6 8. c3
O-O 9. h3 Nb8 10. d4 Nbd7 11. Nbd2 Bb7 12. Bc2 Re8 13. Nf1 Bf8 14. Ng3 g6 15.
a4 c6 16. Bg5 h6 17. Bd2 Bg7 18. Qc1 Kh7 19. Nh4 Ng8 20. Nf3 Nb6 21. dxe5 dxe5
22. b3 Qc7 23. Be3 Nf6 24. a5 Nbd7 25. c4 Bf8 26. Rd1 bxc4 27. bxc4 Nc5 28. Qb2
Nfd7 29. Nh2 Bc8 30. Nhf1 h5 31. Nh2 Rb8 32. Qc3 Ne6 33. Rab1 Rxb1 34. Rxb1 Bc5
35. Bxc5 Ndxc5 36. Nf3 f6 37. Ne2 Rd8 38. Qb4 Nb7 39. Qb6 Nxa5 40. c5 Nb7 41.
Qxa6 Nbxc5 42. Qa3 Ba6 43. Nc3 Bd3 44. Bxd3 Rxd3 45. Ne1 Rd7 46. Nf3 Qa7 47.
Qc1 Nf4 48. Ne1 Nxe4 49. Nxe4 Ne2+ 50. Kh1 Nxc1 51. Nxf6+ Kg7 52. Nxd7 Qxd7 53.
Rxc1 Qd2 54. Rb1 Qxf2 55. Nf3 e4 56. Ng5 Qe3 57. Rb7+ Kf6 58. Nh7+ Ke5 59. Re7+
Kd6 60. Re8 Qc1+ 61. Kh2 Qf4+ 62. Kh1 0-1

[Event "Tradewise Gibraltar Masters 16th"]
[Site "Gibraltar"]
[Date "2018.01.25"]
[Round "3.77"]
[White "Gonzalez Gonzalez, Alfonso"]
[Black "Prasanna, Raghuram Rao"]
[Result "0-1"]
[WhiteElo "2192"]
[BlackElo "2458"]
[PlyCount "72"]
[EventDate "2018.01.23"]
[EventType "swiss"]
[EventRounds "10"]
[EventCountry "GGB"]
[SourceTitle "BritBase"]
[Source "www.saund.co.uk"]
[SourceDate "2018.02.10"]
[SourceVersion "1"]
[SourceVersionDate "2018.02.10"]
[SourceQuality "1"]

1. d4 Nf6 2. Bg5 d5 3. Nd2 Nbd7 4. Ngf3 g6 5. e3 Bg7 6. c4 c5 7. cxd5 Nxd5 8.
Qb3 N5b6 9. a4 cxd4 10. exd4 Nf6 11. Bb5+ Nbd7 12. O-O O-O 13. Rfe1 a6 14. Bc4
Nb6 15. a5 Nxc4 16. Nxc4 h6 17. Bh4 g5 18. Nb6 gxh4 19. Nxa8 h3 20. Nb6 Bg4 21.
Ne5 Be6 22. d5 Nxd5 23. Ng6 Nf4 24. Rxe6 fxe6 25. Nxf8 Qxf8 26. Re1 hxg2 27.
Qg3 Qf5 28. Nc4 Kf7 29. Ne3 Qe4 30. Nxg2 Qxe1+ 31. Nxe1 Ne2+ 32. Kf1 Nxg3+ 33.
hxg3 Bxb2 34. Nd3 Bc3 35. Nc5 Bxa5 36. Nxb7 Bb4 0-1

[Event "Tradewise Gibraltar Masters 16th"]
[Site "Gibraltar"]
[Date "2018.01.25"]
[Round "3.78"]
[White "Yankelevich, Lev"]
[Black "Richards, Heather S"]
[Result "0-1"]
[WhiteElo "2456"]
[BlackElo "2223"]
[PlyCount "134"]
[EventDate "2018.01.23"]
[EventType "swiss"]
[EventRounds "10"]
[EventCountry "GGB"]
[SourceTitle "BritBase"]
[Source "www.saund.co.uk"]
[SourceDate "2018.02.10"]
[SourceVersion "1"]
[SourceVersionDate "2018.02.10"]
[SourceQuality "1"]

1. d4 d6 2. e4 Nf6 3. Nc3 c6 4. f4 Qa5 5. Bd3 e5 6. Nf3 Nbd7 7. Be3 Be7 8. O-O
O-O 9. Qe1 Qc7 10. Kh1 Re8 11. Nh4 b5 12. a3 a6 13. Nf5 Bf8 14. Qh4 Qd8 15. g4
exd4 16. Bxd4 c5 17. Bxf6 Qxf6 18. g5 Qe6 19. Nd5 Bb7 20. Nfe3 c4 21. Be2 Qxe4+
22. Bf3 Qd4 23. Nf5 Qxb2 24. g6 fxg6 25. Rab1 Qxc2 26. Nd4 Qd3 27. Rbd1 Qxa3
28. Qg4 Nc5 29. h4 Rad8 30. h5 Ne4 31. Nc7 Nf6 32. Qg5 Bxf3+ 33. Rxf3 Re3 34.
Nc2 Qa5 35. Nxe3 Qxc7 36. hxg6 hxg6 37. Rh3 d5 38. f5 d4 39. Ng2 Qe5 40. Qxg6
Qe2 41. Rg1 Qg4 42. Nf4 Qxf4 43. Qxf6 Qe4+ 44. Kh2 Bd6+ 45. Rhg3 Qe2+ 46. Kh3
Qh5+ 47. Kg2 Qe2+ 48. Kh3 Qh5+ 49. Kg2 Rd7 50. Qxd4 Qe2+ 51. Kh3 Qh2+ 52. Kg4
Qh4+ 53. Kxh4 Bxg3+ 54. Rxg3 Rxd4+ 55. Kg5 Kf7 56. Ra3 Rd6 57. Kf4 Kf6 58. Ke4
b4 59. Ra4 Rb6 60. Kd4 b3 61. Ra1 b2 62. Rb1 a5 63. Kxc4 a4 64. Kc3 a3 65. Kc2
Rb8 66. Rg1 a2 67. Rg6+ Kf7 0-1

[Event "Tradewise Gibraltar Masters 16th"]
[Site "Gibraltar"]
[Date "2018.01.25"]
[Round "3.79"]
[White "Barraza Caracuel, Ignacio"]
[Black "Grinberg, Eyal"]
[Result "0-1"]
[WhiteElo "2185"]
[BlackElo "2448"]
[PlyCount "82"]
[EventDate "2018.01.23"]
[EventType "swiss"]
[EventRounds "10"]
[EventCountry "GGB"]
[SourceTitle "BritBase"]
[Source "www.saund.co.uk"]
[SourceDate "2018.02.10"]
[SourceVersion "1"]
[SourceVersionDate "2018.02.10"]
[SourceQuality "1"]

1. Nf3 Nf6 2. c4 c6 3. b3 d5 4. Bb2 Bg4 5. e3 Nbd7 6. Be2 e6 7. O-O Bd6 8. d4
O-O 9. Nc3 a6 10. h3 Bh5 11. Qc2 b5 12. Ng5 Bxe2 13. Nxe2 h6 14. Nf3 Qb8 15.
Nd2 Rc8 16. c5 Bc7 17. f4 b4 18. a4 a5 19. Nc1 Nh5 20. g4 Nhf6 21. Nd3 Qa7 22.
Ne5 Qa6 23. Rf2 Nxe5 24. dxe5 Nd7 25. Bd4 Rf8 26. Raf1 Rae8 27. Nf3 Bd8 28. h4
f6 29. g5 fxg5 30. hxg5 hxg5 31. Nxg5 Bxg5 32. fxg5 Rxf2 33. Rxf2 Nf8 34. Qd1
Ng6 35. Qh5 Qd3 36. Rh2 Qb1+ 37. Kg2 Kf7 38. Qf3+ Ke7 39. Rh7 Nf4+ 40. exf4
Qxh7 41. Qe2 Rh8 0-1

[Event "Tradewise Gibraltar Masters 16th"]
[Site "Gibraltar"]
[Date "2018.01.25"]
[Round "3.81"]
[White "Tarjan, James"]
[Black "Walton, Alan J"]
[Result "1/2-1/2"]
[WhiteElo "2432"]
[BlackElo "2194"]
[PlyCount "105"]
[EventDate "2018.01.23"]
[EventType "swiss"]
[EventRounds "10"]
[EventCountry "GGB"]
[SourceTitle "BritBase"]
[Source "www.saund.co.uk"]
[SourceDate "2018.02.10"]
[SourceVersion "1"]
[SourceVersionDate "2018.02.10"]
[SourceQuality "1"]

1. e4 e6 2. d4 d5 3. Nd2 Nf6 4. e5 Nfd7 5. Bd3 c5 6. c3 Nc6 7. Ngf3 f6 8. exf6
Qxf6 9. Nf1 cxd4 10. cxd4 Bb4+ 11. Bd2 Bd6 12. Ne3 Nxd4 13. Nxd4 Qxd4 14. Bc3
Qh4 15. Bxg7 Bb4+ 16. Kf1 Rg8 17. Bc3 Bc5 18. g3 Qh3+ 19. Kg1 Bxe3 20. fxe3 Nc5
21. Bf1 Qf5 22. Bg2 Rf8 23. Qe2 b6 24. Rf1 Qg6 25. Rxf8+ Kxf8 26. h4 Ba6 27.
Qf3+ Ke7 28. h5 Qg5 29. Rh4 Rg8 30. Rf4 Kd6 31. Rf7 Bd3 32. Rxa7 Qxg3 33. Qxg3+
Rxg3 34. Kf2 Rg5 35. h6 Ne4+ 36. Bxe4 Bxe4 37. a4 Rg2+ 38. Kf1 Rh2 39. Rb7 Kc6
40. Rb8 Rh1+ 41. Kf2 Ra1 42. Bd4 Rxa4 43. Rxb6+ Kd7 44. b4 Ra2+ 45. Kg3 Rg2+
46. Kh3 Kc7 47. Ra6 Rg8 48. b5 Bd3 49. b6+ Kd6 50. Ra7 e5 51. Bc3 Kc6 52. Ba5
d4 53. exd4 1/2-1/2

[Event "Tradewise Gibraltar Masters 16th"]
[Site "Gibraltar"]
[Date "2018.01.25"]
[Round "3.82"]
[White "Wemmers, Xander"]
[Black "Guthrie, David"]
[Result "1-0"]
[WhiteElo "2430"]
[BlackElo "2181"]
[PlyCount "157"]
[EventDate "2018.01.23"]
[EventType "swiss"]
[EventRounds "10"]
[EventCountry "GGB"]
[SourceTitle "BritBase"]
[Source "www.saund.co.uk"]
[SourceDate "2018.02.10"]
[SourceVersion "1"]
[SourceVersionDate "2018.02.10"]
[SourceQuality "1"]

1. d4 Nf6 2. c4 g6 3. Nc3 Bg7 4. e4 d6 5. Nf3 O-O 6. Be2 e5 7. O-O Nc6 8. d5
Ne7 9. Ne1 Nd7 10. Be3 f5 11. f3 f4 12. Bf2 g5 13. Rc1 Rf6 14. Nd3 Rh6 15. c5
a6 16. Qb3 Rb8 17. Rfd1 Qe8 18. h3 Qh5 19. Kf1 Ng6 20. Ke1 Nh4 21. Bxh4 Qxh4+
22. Kd2 Bf8 23. Kc2 Kh8 24. cxd6 cxd6 25. Kb1 Be7 26. Rd2 Qh5 27. Rdc2 Qe8 28.
a3 Rg6 29. Na2 Qd8 30. Ka1 Rg8 31. Rc7 Nf6 32. Qc3 Bd7 33. Nxe5 dxe5 34. Qxe5
Rg7 35. d6 Bf8 36. Qd4 Be6 37. e5 Ne8 38. R7c2 Nxd6 39. exd6 Qxd6 40. Qxd6 Bxd6
41. Bc4 Bf5 42. Rd2 Be7 43. Rcd1 h5 44. Nc3 b5 45. Bd3 Be6 46. Re1 Bb3 47. Bc2
Bc4 48. Ne4 Rb6 49. Rd7 Be6 50. Rc7 Bd8 51. Rc5 Kg8 52. Re5 Bf7 53. Rd1 Rb8 54.
Rd7 Bg6 55. Bb3+ Kh7 56. Red5 Bxe4 57. fxe4 Rxd7 58. Rxd7+ Kg6 59. e5 g4 60.
Bc2+ Kg5 61. hxg4 hxg4 62. Rg7+ Kh4 63. e6 Bf6 64. Rf7 Kg5 65. Bd1 f3 66. gxf3
g3 67. f4+ Kf5 68. Bf3 Kxe6 69. Ra7 Rb6 70. Be4 Kd6 71. Kb1 Kc5 72. Rd7 Re6 73.
b4+ Kc4 74. Bd5+ Kc3 75. Bxe6 g2 76. Rd1 Bd4 77. Rc1+ Kd3 78. Bf5+ Ke3 79. Bh3
1-0

[Event "Tradewise Gibraltar Masters 16th"]
[Site "Gibraltar"]
[Date "2018.01.25"]
[Round "3.83"]
[White "Gaehwiler, Gabriel"]
[Black "Sahl, Sheila Barth"]
[Result "1-0"]
[WhiteElo "2428"]
[BlackElo "2178"]
[PlyCount "103"]
[EventDate "2018.01.23"]
[EventType "swiss"]
[EventRounds "10"]
[EventCountry "GGB"]
[SourceTitle "BritBase"]
[Source "www.saund.co.uk"]
[SourceDate "2018.02.10"]
[SourceVersion "1"]
[SourceVersionDate "2018.02.10"]
[SourceQuality "1"]

1. e4 c5 2. Nf3 g6 3. d4 cxd4 4. Nxd4 Bg7 5. Nc3 Nc6 6. Be3 Nf6 7. Bc4 O-O 8.
Bb3 a5 9. O-O a4 10. Nxa4 Nxe4 11. Nb5 Ra6 12. f3 Nf6 13. c4 Na5 14. c5 Nxb3
15. axb3 d6 16. cxd6 exd6 17. Bd4 Be6 18. Qd3 Nd5 19. Bxg7 Kxg7 20. Qd4+ Qf6
21. Rfd1 Rd8 22. Kf2 Ne7 23. Rd3 h5 24. Qxf6+ Kxf6 25. Rad1 Nf5 26. g4 hxg4 27.
fxg4 Nh6 28. Nxd6 Nxg4+ 29. Kg3 Bxb3 30. Ne4+ Ke5 31. Rxd8 Bxd1 32. Nac3 Ne3
33. Nc5 Rd6 34. Nd3+ Rxd3 35. Rxd3 Nf5+ 36. Kf2 Bb3 37. Rd8 Nd6 38. Ne2 f5 39.
h4 b5 40. Nc1 Bc4 41. b3 Ne4+ 42. Ke3 Be6 43. Nd3+ Kf6 44. b4 Bf7 45. Rb8 Nc3
46. Rb6+ Kg7 47. Nf4 Be8 48. Kd4 Ne4 49. Rb7+ Kh6 50. Re7 Nf6 51. Nd5 Nxd5 52.
Kxd5 1-0

[Event "Tradewise Gibraltar Masters 16th"]
[Site "Gibraltar"]
[Date "2018.01.25"]
[Round "3.84"]
[White "Pigott, John C"]
[Black "Weisbuch, Udi"]
[Result "0-1"]
[WhiteElo "2418"]
[BlackElo "2177"]
[PlyCount "90"]
[EventDate "2018.01.23"]
[EventType "swiss"]
[EventRounds "10"]
[EventCountry "GGB"]
[SourceTitle "BritBase"]
[Source "www.saund.co.uk"]
[SourceDate "2018.02.10"]
[SourceVersion "1"]
[SourceVersionDate "2018.02.10"]
[SourceQuality "1"]

1. c4 g6 2. g3 Bg7 3. Bg2 d6 4. Nc3 e5 5. Nf3 Nc6 6. d3 f5 7. O-O Nf6 8. Rb1 a5
9. a3 O-O 10. b4 axb4 11. axb4 Kh8 12. b5 Nb8 13. Bb2 Nbd7 14. Qc2 Nc5 15. Ra1
Rb8 16. Ra7 h6 17. Rfa1 Be6 18. Ba3 Nfd7 19. Nd2 Qc8 20. Nd5 Re8 21. Ra2 Bf7
22. Bb4 Nf6 23. Nxf6 Bxf6 24. Nb1 Bg7 25. Nc3 Nd7 26. Ra1 Kh7 27. Qa4 Nc5 28.
Qa3 Nd7 29. Qa5 e4 30. Rd1 exd3 31. exd3 Bd4 32. Nd5 Re2 33. Rf1 Ne5 34. Nf4
Rc2 35. Qa4 Rb2 36. Ba3 Ra2 37. Ra5 g5 38. Nd5 Ng4 39. Qb3 Rxf2 40. Rxf2 Bxf2+
41. Kh1 Qe8 42. Bb4 Bxd5 43. cxd5 Bb6 44. h3 Qe3 45. Ra1 Qxg3 0-1

[Event "Tradewise Gibraltar Masters 16th"]
[Site "Gibraltar"]
[Date "2018.01.25"]
[Round "3.85"]
[White "Lochte, Thomas"]
[Black "Wallace, John Paul"]
[Result "0-1"]
[WhiteElo "2169"]
[BlackElo "2415"]
[PlyCount "30"]
[EventDate "2018.01.23"]
[EventType "swiss"]
[EventRounds "10"]
[EventCountry "GGB"]
[SourceTitle "BritBase"]
[Source "www.saund.co.uk"]
[SourceDate "2018.02.10"]
[SourceVersion "1"]
[SourceVersionDate "2018.02.10"]
[SourceQuality "1"]

1. e4 c5 2. d4 cxd4 3. c3 dxc3 4. Nxc3 Nc6 5. Nf3 d6 6. Bc4 a6 7. O-O Nf6 8.
Bf4 Bg4 9. Qb3 e6 10. Qxb7 Na5 11. Qb4 e5 12. Rad1 Rb8 13. Nxe5 Rxb4 14. Bxf7+
Ke7 15. Bg5 dxe5 0-1

[Event "Tradewise Gibraltar Masters 16th"]
[Site "Gibraltar"]
[Date "2018.01.25"]
[Round "3.86"]
[White "Keymer, Vincent"]
[Black "Makka, Ioulia"]
[Result "1-0"]
[WhiteElo "2408"]
[BlackElo "2167"]
[PlyCount "83"]
[EventDate "2018.01.23"]
[EventType "swiss"]
[EventRounds "10"]
[EventCountry "GGB"]
[SourceTitle "BritBase"]
[Source "www.saund.co.uk"]
[SourceDate "2018.02.10"]
[SourceVersion "1"]
[SourceVersionDate "2018.02.10"]
[SourceQuality "1"]

1. d4 Nf6 2. c4 e6 3. Nf3 b6 4. g3 Ba6 5. Qb3 Nc6 6. Nbd2 Na5 7. Qc3 c5 8. dxc5
bxc5 9. e4 Bb7 10. e5 Ne4 11. Nxe4 Bxe4 12. Bg2 Nc6 13. O-O h6 14. Qe3 Bh7 15.
Bd2 Be7 16. Bc3 O-O 17. Nd2 Qb6 18. Ne4 Rfd8 19. Rfd1 Rab8 20. Rd2 Nd4 21. Rad1
Bxe4 22. Qxe4 d6 23. exd6 Bf6 24. b4 e5 25. Qd5 Rbc8 26. d7 Rc7 27. Bh3 cxb4
28. Bxd4 exd4 29. Re2 g6 30. Re8+ Kg7 31. Rxd8 Bxd8 32. Re1 Qf6 33. Re8 h5 34.
Qa8 d3 35. Rxd8 d2 36. Rg8+ Kh7 37. d8=Q Qa1+ 38. Kg2 d1=Q 39. Rg7+ Kh6 40.
Qh8+ Kg5 41. f4+ Kf6 42. Rxg6+ 1-0

[Event "Tradewise Gibraltar Masters 16th"]
[Site "Gibraltar"]
[Date "2018.01.25"]
[Round "3.87"]
[White "Baert, Andy"]
[Black "Melia, Salome"]
[Result "0-1"]
[WhiteElo "2164"]
[BlackElo "2404"]
[PlyCount "60"]
[EventDate "2018.01.23"]
[EventType "swiss"]
[EventRounds "10"]
[EventCountry "GGB"]
[SourceTitle "BritBase"]
[Source "www.saund.co.uk"]
[SourceDate "2018.02.10"]
[SourceVersion "1"]
[SourceVersionDate "2018.02.10"]
[SourceQuality "1"]

1. d4 Nf6 2. c4 e6 3. Nc3 Bb4 4. Qc2 d6 5. Bd2 Nbd7 6. a3 Bxc3 7. Bxc3 b6 8. e3
Bb7 9. f3 O-O 10. Bd3 c5 11. Ne2 Rc8 12. d5 exd5 13. cxd5 Bxd5 14. Nf4 Bc6 15.
Bf5 Rb8 16. Rd1 Qe7 17. Kf2 Ne5 18. Rhe1 Rbd8 19. e4 g6 20. Bh3 Ne8 21. Nd5
Bxd5 22. Rxd5 Nc7 23. Rd2 Qh4+ 24. Ke2 Nb5 25. Red1 Qf4 26. Qa4 Nxc3+ 27. bxc3
Qxh2 28. Qxa7 Nc4 29. Rd5 Ra8 30. Qe7 Rxa3 0-1

[Event "Tradewise Gibraltar Masters 16th"]
[Site "Gibraltar"]
[Date "2018.01.25"]
[Round "3.88"]
[White "Batchimeg, Tuvshintugs"]
[Black "Movileanu, Daniela"]
[Result "1/2-1/2"]
[WhiteElo "2398"]
[BlackElo "2163"]
[PlyCount "84"]
[EventDate "2018.01.23"]
[EventType "swiss"]
[EventRounds "10"]
[EventCountry "GGB"]
[SourceTitle "BritBase"]
[Source "www.saund.co.uk"]
[SourceDate "2018.02.10"]
[SourceVersion "1"]
[SourceVersionDate "2018.02.10"]
[SourceQuality "1"]

1. d4 Nf6 2. c4 b6 3. Nc3 Bb7 4. Qc2 d5 5. cxd5 Nxd5 6. e4 Nxc3 7. bxc3 e5 8.
dxe5 Qe7 9. Nf3 Nd7 10. Bg5 f6 11. Be3 O-O-O 12. Rd1 Nxe5 13. Rxd8+ Qxd8 14.
Nxe5 fxe5 15. Bc4 Be7 16. O-O Bg5 17. Rd1 Qe7 18. Bxg5 Qxg5 19. Qd3 Qe7 20. a4
a5 21. Bd5 Rf8 22. Bxb7+ Kxb7 23. Qd5+ Ka7 24. Qc4 Rd8 25. Rd5 Rd6 26. g3 Kb7
27. Kg2 c6 28. Rxd6 Qxd6 29. Qf7+ Qc7 30. Qe8 g5 31. c4 Qg7 32. h3 Kc7 33. Qe6
h6 34. Kf1 Kb7 35. Qd6 Qf7 36. Kg2 Qxc4 37. Qd7+ Kb8 38. Qe8+ Kb7 39. Qd7+ Kb8
40. Qd6+ Kb7 41. Qd7+ Kb8 42. Qd8+ Kb7 1/2-1/2

[Event "Tradewise Gibraltar Masters 16th"]
[Site "Gibraltar"]
[Date "2018.01.25"]
[Round "3.89"]
[White "Verneuil, Pascal"]
[Black "Sukandar, Irine Kharisma"]
[Result "0-1"]
[WhiteElo "2159"]
[BlackElo "2387"]
[PlyCount "60"]
[EventDate "2018.01.23"]
[EventType "swiss"]
[EventRounds "10"]
[EventCountry "GGB"]
[SourceTitle "BritBase"]
[Source "www.saund.co.uk"]
[SourceDate "2018.02.10"]
[SourceVersion "1"]
[SourceVersionDate "2018.02.10"]
[SourceQuality "1"]

1. e4 c5 2. Nc3 a6 3. g3 Nc6 4. Bg2 g6 5. Nge2 Bg7 6. d3 e6 7. O-O Nge7 8. Bg5
h6 9. Be3 Nd4 10. Qd2 d6 11. Nd1 Nxe2+ 12. Qxe2 O-O 13. c3 Bd7 14. d4 cxd4 15.
cxd4 Bb5 16. Qd2 Bxf1 17. Kxf1 Kh7 18. Nc3 Rc8 19. h4 Qa5 20. a3 Rc4 21. Kg1
Nc6 22. Bf1 Rxd4 23. Bxd4 Nxd4 24. Qd1 f5 25. Bg2 f4 26. Ne2 Nxe2+ 27. Qxe2
fxg3 28. fxg3 Qb6+ 29. Kh2 Rf2 30. Qc4 Rxg2+ 0-1

[Event "Tradewise Gibraltar Masters 16th"]
[Site "Gibraltar"]
[Date "2018.01.25"]
[Round "3.90"]
[White "Erenberg, Ariel"]
[Black "Roman Lopez, Jesus"]
[Result "1-0"]
[WhiteElo "2382"]
[BlackElo "2008"]
[PlyCount "59"]
[EventDate "2018.01.23"]
[EventType "swiss"]
[EventRounds "10"]
[EventCountry "GGB"]
[SourceTitle "BritBase"]
[Source "www.saund.co.uk"]
[SourceDate "2018.02.10"]
[SourceVersion "1"]
[SourceVersionDate "2018.02.10"]
[SourceQuality "1"]

1. d4 d5 2. c4 dxc4 3. e4 e5 4. Nf3 exd4 5. Bxc4 Nc6 6. O-O Be6 7. Bb5 Bc5 8.
b4 Bb6 9. a4 a6 10. Bxc6+ bxc6 11. a5 Ba7 12. Bb2 Nf6 13. Nxd4 Nxe4 14. Nxe6
fxe6 15. Qh5+ Kf8 16. Qf3+ Nf6 17. Rd1 Qe7 18. Nd2 Kf7 19. Qxc6 Rhf8 20. Bxf6
Qxf6 21. Ne4 Qe5 22. Kh1 Kg8 23. f3 Rad8 24. Qxa6 Bd4 25. Rab1 Rd5 26. Re1 Rfd8
27. Nc5 Bf2 28. Rxe5 Rd1+ 29. Re1 Bxe1 30. Qxe6+ 1-0

[Event "Tradewise Gibraltar Masters 16th"]
[Site "Gibraltar"]
[Date "2018.01.25"]
[Round "3.91"]
[White "Villar Reymundo, Juan Antonio"]
[Black "Prithu, Gupta"]
[Result "0-1"]
[WhiteElo "2121"]
[BlackElo "2373"]
[PlyCount "90"]
[EventDate "2018.01.23"]
[EventType "swiss"]
[EventRounds "10"]
[EventCountry "GGB"]
[SourceTitle "BritBase"]
[Source "www.saund.co.uk"]
[SourceDate "2018.02.10"]
[SourceVersion "1"]
[SourceVersionDate "2018.02.10"]
[SourceQuality "1"]

1. d4 Nf6 2. c4 e6 3. g3 Bb4+ 4. Bd2 a5 5. Bg2 d5 6. Nf3 O-O 7. O-O Re8 8. Qc2
b6 9. cxd5 exd5 10. Nc3 Ba6 11. Rfe1 Nbd7 12. Rac1 c6 13. a3 Bxc3 14. Bxc3 Ne4
15. Bd2 c5 16. Bf4 Rc8 17. Qd1 Nf8 18. dxc5 bxc5 19. Nd2 Nf6 20. e4 Ne6 21. Be5
d4 22. Bxf6 Qxf6 23. e5 Qe7 24. Ne4 d3 25. Nd6 Nd4 26. f4 Ne2+ 27. Rxe2 dxe2
28. Qc2 Qxd6 29. exd6 e1=Q+ 30. Rxe1 Rxe1+ 31. Bf1 Rxf1+ 32. Kg2 Re1 33. d7 Rd8
34. Qxc5 Rxd7 35. Qxa5 Re2+ 36. Kh3 Bc8 37. f5 Rdd2 38. Qa8 Rxh2+ 39. Kg4 Rd8
40. Qa5 Re8 41. Qb5 Rhe2 42. Kf3 R2e5 43. Qc4 Rxf5+ 44. Kg2 Bb7+ 45. Kh3 Rh5+
0-1